[Event "47th Capablanca Memorial Premier"]
[Site "Havana CUB"]
[Date "2012.05.10"]
[Round "6.2"]
[White "Gonzalez Vidal, Yuri"]
[Black "Bacallao Alonso, Yusnel"]
[Result "1-0"]
[WhiteTitle "GM"]
[BlackTitle "IM"]
[WhiteElo "2545"]
[BlackElo "2580"]
[WhiteFideId "3503321"]
[BlackFideId "3507416"]
[EventDate "2012.05.04"]

1. d4 Nf6 2. c4 g6 3. Nc3 d5 4. Bf4 Bg7 5. e3 O-O 6. Rc1 dxc4 7. Bxc4 c5 8. dxc5
Qa5 9. Ne2 Qxc5 10. Qb3 Nc6 11. Nb5 Qh5 12. Ng3 Qh4 13. Nc7 e5 14. Bg5 Qxg5 15.
h4 Qg4 16. Nxa8 Qd7 17. Rd1 Qe7 18. Qa3 Nb4 19. O-O Ng4 20. f3 Nh6 21. Nc7 a5
22. Qxa5 Nc6 23. Qb6 Qxh4 24. Ne4 Nf5 25. Rf2 Bh6 26. Nd5 Nce7 27. Ndf6+ Kg7 28.
Ng4 Nc6 29. g3 Qe7 30. Nxh6 Nxh6 31. Rfd2 Bf5 32. Qc5 Qc7 33. Qd6 Qb6 34. Qc5
Qc7 35. Nd6 e4 36. g4 b6 37. Qd5 1-0

[Event "47th Capablanca Memorial Premier"]
[Site "Havana CUB"]
[Date "2012.05.10"]
[Round "6.3"]
[White "Rakhmanov, Aleksandr"]
[Black "Alvarez Pedraza, Aramis"]
[Result "1/2-1/2"]
[WhiteTitle "GM"]
[BlackTitle "GM"]
[WhiteElo "2603"]
[BlackElo "2551"]
[WhiteFideId "4173708"]
[BlackFideId "3507408"]
[EventDate "2012.05.04"]

1. e4 c6 2. Nc3 d5 3. Nf3 Bg4 4. Be2 Nf6 5. e5 Nfd7 6. d4 Bxf3 7. Bxf3 e6 8. O-O
Be7 9. Ne2 O-O 10. c3 c5 11. Bg4 cxd4 12. cxd4 Nc6 13. f4 Qb6 14. Kh1 f5 15. Bf3
a5 16. g4 g6 17. a4 Bb4 18. gxf5 gxf5 19. Be3 Kh8 20. Nc3 Qd8 21. Rg1 Nb6 22.
Nb5 Nc4 23. Bc1 Rg8 24. Rxg8+ Qxg8 25. b3 Nb6 26. Ra2 Qf7 27. Rg2 Rg8 28. Rg3
Nc8 29. Bh5 Qe7 30. Qg1 Rxg3 31. hxg3 N6a7 32. Be3 Nxb5 33. axb5 Qc7 34. Be2 Qc2
35. Qc1 Qxc1+ 36. Bxc1 Kg7 37. Kg2 Kg6 38. g4 Ne7 39. Bd3 h5 40. g5 b6 41. Kh3
Kg7 42. Be2 Kg6 43. Be3 Be1 44. Kg2 Ng8 45. Bf2 Bd2 46. Kg3 Ne7 47. Bd1 Bc1 48.
Be1 Bb2 49. Bf2 Bc1 50. Kh4 Kg7 51. Bxh5 Ng6+ 52. Bxg6 Kxg6 53. Kg3 Bd2 54. Kf3
Bb4 55. Ke2 Be7 56. Be1 Bb4 57. Bf2 Be7 58. Kd3 Bb4 59. Be3 Be7 60. Bd2 Bb4 1/2-1/2

[Event "47th Capablanca Memorial Premier"]
[Site "Havana CUB"]
[Date "2012.05.10"]
[Round "6.5"]
[White "Papin, Vasily"]
[Black "Morovic Fernandez, Ivan"]
[Result "1-0"]
[WhiteTitle "GM"]
[BlackTitle "GM"]
[WhiteElo "2570"]
[BlackElo "2577"]
[WhiteFideId "4143183"]
[BlackFideId "3405400"]
[EventDate "2012.05.04"]

1. Nf3 Nf6 2. c4 g6 3. d4 Bg7 4. g3 O-O 5. Bg2 d6 6. Nc3 Nc6 7. O-O e5 8. d5 Ne7
9. c5 Nd7 10. cxd6 cxd6 11. a4 Nc5 12. Nd2 b6 13. b4 Nb7 14. Ba3 Bd7 15. Qb3 a6
16. Rfc1 b5 17. Bb2 Qb6 18. Ra2 Bh6 19. e3 f5 20. Kh1 Rac8 21. Rca1 f4 22. axb5
fxe3 23. Rxa6 Qd8 24. fxe3 Nf5 25. Nde4 Nxe3 26. Bc1 Bf5 27. Rc6 Ra8 28. Raa6
Qe7 29. Qa2 Rad8 30. Ra7 Rd7 31. b6 Ng4 32. Bxh6 Nxh6 33. Nc5 Qg5 34. Nb3 Ng4
35. Qd2 Qh5 36. h4 Bd3 37. Qg5 Rdf7 38. Ra1 Qxg5 39. hxg5 Rf2 40. Rc7 Rb2 41.
Rxb7 Rxb3 42. Rc7 Rb8 43. b7 Rxc3 44. Ra8 Rxc7 45. Rxb8+ Kg7 46. Rg8+ Kf7 47.
Rf8+ 1-0

[Event "47th Capablanca Memorial Premier"]
[Site "Havana CUB"]
[Date "2012.05.11"]
[Round "7.1"]
[White "Morovic Fernandez, Ivan"]
[Black "Almeida Quintana, Omar"]
[Result "1/2-1/2"]
[WhiteTitle "GM"]
[BlackTitle "GM"]
[WhiteElo "2577"]
[BlackElo "2525"]
[WhiteFideId "3405400"]
[BlackFideId "3503313"]
[EventDate "2012.05.04"]

1. Nf3 g6 2. g3 Bg7 3. d4 c5 4. c3 cxd4 5. cxd4 Nf6 6. Nc3 O-O 7. Bg2 d6 8. O-O
Nc6 9. d5 Nb8 10. Be3 Na6 11. h3 Bd7 12. Nd4 Ne8 13. Rc1 Nec7 14. Qd2 Nc5 15.
Bh6 a5 16. Bxg7 Kxg7 17. b3 N7a6 18. a3 Qb6 19. Rb1 Rfc8 20. b4 axb4 21. axb4
Na4 22. Nxa4 Bxa4 23. b5 Nc5 24. Rb4 Qd8 25. Ra1 Kg8 26. h4 Qf8 27. Ra3 Qg7 28.
h5 Re8 29. hxg6 hxg6 30. Re3 Qh8 31. f4 Qf6 32. Ra3 Ra5 33. g4 Rea8 34. g5 Qg7
35. Qe3 Kf8 36. Kf2 Bd1 37. Rxa5 Rxa5 38. Rb1 Ba4 39. Rb4 Ra8 40. Rb1 Kg8 41.
Rb4 Kf8 42. f5 Qe5 43. fxg6 Qxe3+ 44. Kxe3 fxg6 45. Ne6+ Kf7 46. Nxc5 dxc5 47.
Rc4 Bxb5 48. Rxc5 Ra3+ 49. Kf2 Ba6 50. Bf3 Ra4 51. Rc7 Kf8 52. Rc8+ 1/2-1/2

[Event "47th Capablanca Memorial Premier"]
[Site "Havana CUB"]
[Date "2012.05.11"]
[Round "7.3"]
[White "Alvarez Pedraza, Aramis"]
[Black "Cordova, Emilio"]
[Result "0-1"]
[WhiteTitle "GM"]
[BlackTitle "GM"]
[WhiteElo "2551"]
[BlackElo "2566"]
[WhiteFideId "3507408"]
[BlackFideId "3801497"]
[EventDate "2012.05.04"]

1. d4 Nf6 2. c4 c5 3. d5 b5 4. cxb5 a6 5. e3 d6 6. Nc3 g6 7. a4 Bg7 8. h3 O-O 9.
Nf3 Bb7 10. e4 axb5 11. Bxb5 Na6 12. O-O Nc7 13. Bg5 h6 14. Be3 Nxb5 15. axb5
Nd7 16. Qb3 f5 17. exf5 gxf5 18. Ne2 Nb6 19. Nf4 Qe8 20. Rxa8 Qxa8 21. Rd1 Qa4
22. Qd3 Bxb2 23. Nh4 Qe4 24. Nfg6 Qxd3 25. Rxd3 Re8 26. Nxf5 Bf6 27. Nf4 Kh7 28.
Rd1 Bc8 29. g4 Bxf5 30. gxf5 Rg8+ 31. Kf1 Rg5 32. Ne6 Rxf5 33. Nc7 Bh8 34. Rd2
Nc4 35. Re2 Rf8 36. Bc1 Be5 37. Rc2 Rc8 38. Rxc4 Rxc7 39. Bf4 Bxf4 40. Rxf4 Rb7
41. Re4 Kg6 42. Re6+ Kf7 43. Rxh6 Rxb5 44. Ke2 Rb4 45. Rh7+ Kf6 46. Rh6+ Kg7 47.
Re6 Kf7 48. Re3 Rd4 49. Rd3 Rxd3 50. Kxd3 Kg6 51. Ke4 Kg5 52. f4+ Kh4 53. Kf5 c4
54. Ke4 Kxh3 55. Kd4 Kg4 56. Kxc4 Kxf4 0-1

[Event "47th Capablanca Memorial Premier"]
[Site "Havana CUB"]
[Date "2012.05.11"]
[Round "7.4"]
[White "Bacallao Alonso, Yusnel"]
[Black "Rakhmanov, Aleksandr"]
[Result "1/2-1/2"]
[WhiteTitle "IM"]
[BlackTitle "GM"]
[WhiteElo "2580"]
[BlackElo "2603"]
[WhiteFideId "3507416"]
[BlackFideId "4173708"]
[EventDate "2012.05.04"]

1. d4 Nf6 2. c4 e6 3. Nf3 d5 4. Nc3 c5 5. cxd5 Nxd5 6. e4 Nxc3 7. bxc3 cxd4 8.
cxd4 Bb4+ 9. Bd2 Bxd2+ 10. Qxd2 O-O 11. Bc4 Nd7 12. O-O b6 13. Rad1 Bb7 14. Rfe1
Rc8 15. Bb3 h6 16. Qb2 Qf6 17. Qa3 Rc7 18. d5 exd5 19. e5 Qf4 20. Qd6 Rfc8 21.
Rd4 Qf5 22. Bxd5 Nf8 23. Nh4 Qg5 24. Nf3 Qf5 25. Nh4 Qg5 26. Nf3 Qf5 1/2-1/2

[Event "47th Capablanca Memorial Premier"]
[Site "Havana CUB"]
[Date "2012.05.11"]
[Round "7.5"]
[White "Hernandez Carmenates, Holden"]
[Black "Gonzalez Vidal, Yuri"]
[Result "0-1"]
[WhiteTitle "GM"]
[BlackTitle "GM"]
[WhiteElo "2570"]
[BlackElo "2545"]
[WhiteFideId "3504387"]
[BlackFideId "3503321"]
[EventDate "2012.05.04"]

1. Nf3 c5 2. c4 Nc6 3. g3 g6 4. Bg2 Bg7 5. O-O e6 6. Nc3 Nge7 7. b3 O-O 8. Bb2
d5 9. Na4 Bxb2 10. Nxb2 d4 11. a3 Qd6 12. Ne1 e5 13. Ned3 f5 14. b4 cxb4 15. c5
Qf6 16. Nxb4 Be6 17. Qc2 Na5 18. f4 e4 19. d3 Nb3 20. Rab1 a5 21. Na2 Rac8 22.
Na4 b5 23. Rxb3 bxa4 24. Rb5 Nd5 25. Rxa5 Ne3 26. Qb1 Nxf1 27. Kxf1 Qe7 28. Nb4
Rxc5 29. Rxc5 Qxc5 30. dxe4 Rc8 31. exf5 Bxf5 32. Qe1 Qc1 33. Qxc1 Rxc1+ 34. Kf2
Rc3 35. g4 Bb1 36. Nc6 d3 37. exd3 Rxa3 38. Bd5+ Kf8 39. d4 Rh3 0-1

[Event "47th Capablanca Memorial Premier"]
[Site "Havana CUB"]
[Date "2012.05.12"]
[Round "8.1"]
[White "Almeida Quintana, Omar"]
[Black "Gonzalez Vidal, Yuri"]
[Result "1/2-1/2"]
[WhiteTitle "GM"]
[BlackTitle "GM"]
[WhiteElo "2525"]
[BlackElo "2545"]
[WhiteFideId "3503313"]
[BlackFideId "3503321"]
[EventDate "2012.05.04"]
[EventType "tourn"]

1. d4 Nf6 2. c4 g6 3. f3 d5 4. cxd5 Nxd5 5. e4 Nb6 6. Nc3 Bg7 7. Be3 O-O 8. f4
Nc6 9. d5 Na5 10. Bd4 e5 11. Bxe5 Bxe5 12. fxe5 Qh4+ 13. g3 Qe7 14. Qd4 Rd8 15.
b4 Nac4 16. Nf3 Bg4 17. Bxc4 Bxf3 18. O-O Qxb4 19. e6 fxe6 20. Rxf3 Qxc4 21. Qf6
exd5 22. Qe6+ Kh8 23. Qf6+ 1/2-1/2

[Event "47th Capablanca Memorial Premier"]
[Site "Havana CUB"]
[Date "2012.05.12"]
[Round "8.2"]
[White "Rakhmanov, Aleksandr"]
[Black "Hernandez Carmenates, Holden"]
[Result "1/2-1/2"]
[WhiteTitle "GM"]
[BlackTitle "GM"]
[WhiteElo "2603"]
[BlackElo "2570"]
[WhiteFideId "4173708"]
[BlackFideId "3504387"]
[EventDate "2012.05.04"]
[EventType "tourn"]

1. Nf3 Nf6 2. g3 b6 3. Bg2 Bb7 4. O-O e6 5. d3 d5 6. Nbd2 Nbd7 7. e4 dxe4 8. Ng5
Nc5 9. b4 h6 10. Nxf7 Kxf7 11. bxc5 Bxc5 12. Bb2 Rf8 13. Nxe4 Nxe4 14. Qh5+ Kg8
15. Bxe4 Bxe4 16. Qg4 Qg5 17. Qxe4 Qf5 18. Qxf5 exf5 19. Be5 Bd6 20. d4 Rad8 21.
Rad1 Rd7 22. Rfe1 Rfd8 23. c3 Kf7 24. Rd3 c5 25. Rf3 cxd4 26. Bxd4 g6 27. g4 Re7
28. Rxe7+ Bxe7 29. gxf5 g5 30. f6 Bc5 31. Bxc5 bxc5 32. Rf5 Rc8 33. c4 Rc6 34.
a4 Ra6 35. Rxc5 Rxa4 36. Rc6 g4 37. Kg2 Ra3 38. c5 Rc3 1/2-1/2

[Event "47th Capablanca Memorial Premier"]
[Site "Havana CUB"]
[Date "2012.05.12"]
[Round "8.3"]
[White "Cordova, Emilio"]
[Black "Bacallao Alonso, Yusnel"]
[Result "1/2-1/2"]
[WhiteTitle "GM"]
[BlackTitle "IM"]
[WhiteElo "2566"]
[BlackElo "2580"]
[WhiteFideId "3801497"]
[BlackFideId "3507416"]
[EventDate "2012.05.04"]
[EventType "tourn"]

1. d4 Nf6 2. Nf3 g6 3. g3 Bg7 4. Bg2 d5 5. O-O O-O 6. c4 c6 7. b3 dxc4 8. bxc4
c5 9. Bb2 Ne4 10. Nbd2 Nxd2 11. Qxd2 cxd4 12. Nxd4 Nc6 13. Rfd1 Nxd4 14. Bxd4
Qxd4 15. Qxd4 Bxd4 16. Rxd4 Rb8 17. c5 Be6 18. Rb4 1/2-1/2

[Event "47th Capablanca Memorial Premier"]
[Site "Havana CUB"]
[Date "2012.05.12"]
[Round "8.4"]
[White "Papin, Vasily"]
[Black "Alvarez Pedraza, Aramis"]
[Result "1/2-1/2"]
[WhiteTitle "GM"]
[BlackTitle "GM"]
[WhiteElo "2570"]
[BlackElo "2551"]
[WhiteFideId "4143183"]
[BlackFideId "3507408"]
[EventDate "2012.05.04"]
[EventType "tourn"]

1. Nf3 Nf6 2. c4 e6 3. Nc3 Bb4 4. g4 O-O 5. g5 Ne8 6. h4 d5 7. Qb3 Nc6 8. Nxd5
exd5 9. cxd5 Ne7 10. Qxb4 Nxd5 11. Qd4 c5 12. Qxc5 Nec7 13. b3 b6 14. Qd4 Ne6
15. Qe5 Nef4 16. Qd4 Ne6 17. Qe5 Nef4 18. Qd4 Ne6 19. Qe5 Nef4 1/2-1/2

[Event "47th Capablanca Memorial Premier"]
[Site "Havana CUB"]
[Date "2012.05.12"]
[Round "8.5"]
[White "Morovic Fernandez, Ivan"]
[Black "Ortiz Suarez, Isan Reynaldo"]
[Result "1-0"]
[WhiteTitle "GM"]
[BlackTitle "GM"]
[WhiteElo "2577"]
[BlackElo "2572"]
[WhiteFideId "3405400"]
[BlackFideId "3507165"]
[EventDate "2012.05.04"]
[EventType "tourn"]

1. Nf3 c5 2. g3 Nc6 3. Bg2 g6 4. O-O Bg7 5. c3 e5 6. d4 cxd4 7. cxd4 e4 8. Ne5
d5 9. Nc3 Nge7 10. Bg5 h6 11. Bxe7 Nxe7 12. f3 O-O 13. fxe4 dxe4 14. Bxe4 Bxe5
15. dxe5 Qb6+ 16. Kh1 Bh3 17. Rf3 Bg4 18. Rd3 Qe6 19. Qd2 Nc6 20. Bd5 Qxe5 21.
Qxh6 Bf5 22. e4 Be6 23. Rf1 Ne7 24. Bxe6 Qxe6 25. Rf4 Qe5 26. Rd7 Rfd8 27. Nd5
Rxd7 28. Nf6+ Qxf6 29. Rxf6 Rc8 30. Rf2 Nc6 31. Rf4 Ne7 32. Rh4 Rd1+ 33. Kg2
Rcc1 34. Kh3 f6 35. Qh8+ Kf7 36. Rh7+ Ke6 37. Qf8 Rd7 38. Rf7 Rf1 39. e5 f5 40.
Rxe7+ 1-0

[Event "47th Capablanca Memorial Premier"]
[Site "Havana CUB"]
[Date "2012.05.14"]
[Round "9.1"]
[White "Ortiz Suarez, Isan Reynaldo"]
[Black "Almeida Quintana, Omar"]
[Result "1/2-1/2"]
[WhiteTitle "GM"]
[BlackTitle "GM"]
[WhiteElo "2572"]
[BlackElo "2525"]
[WhiteFideId "3507165"]
[BlackFideId "3503313"]
[EventDate "2012.05.04"]
[EventType "tourn"]

1. d4 d6 2. Nf3 g6 3. c4 Bg7 4. Nc3 Bg4 5. e3 Nd7 6. Be2 c6 7. h3 Bxf3 8. Bxf3
Ngf6 9. O-O O-O 10. b3 Qc7 11. Bb2 e5 12. Qc2 Rfe8 13. Rad1 a6 14. Rd2 exd4 15.
Rxd4 Ne5 16. Be2 Rac8 17. Rfd1 Bf8 18. Ba3 d5 19. Bxf8 Kxf8 20. Qd2 dxc4 21.
bxc4 Re7 22. f4 Ned7 23. e4 Nc5 24. e5 Ne8 25. Bg4 Rb8 26. Qf2 Kg8 27. R4d2 Qa5
28. Qh4 f6 29. Ne2 Qc7 30. exf6 Rf7 31. f5 Nxf6 32. fxg6 hxg6 33. Rd6 Qe7 34.
Ng3 Qe3+ 35. Kh1 Kg7 36. Bf3 Rh8 37. Qd4 Qxd4 38. R6xd4 Re8 39. Kg1 Re3 40. h4
Ra3 41. R1d2 Ra4 42. h5 Rd7 43. Rxd7+ Ncxd7 44. hxg6 Rxc4 45. Be4 Rc1+ 46. Kh2
Ne5 47. Bc2 b5 48. Ne2 Ra1 49. Rd6 Neg4+ 50. Kg3 Rxa2 51. Rxc6 Ne3 52. Nd4 Nxc2
53. Nxc2 Ra4 54. Ne3 a5 55. Kf3 Ra3 56. Kf4 b4 57. g4 Rc3 58. Rb6 Rc5 59. g5
Nd5+ 60. Nxd5 Rxd5 61. Kg4 Rd7 62. Kh5 Ra7 63. Rb5 1/2-1/2

[Event "47th Capablanca Memorial Premier"]
[Site "Havana CUB"]
[Date "2012.05.14"]
[Round "9.3"]
[White "Bacallao Alonso, Yusnel"]
[Black "Papin, Vasily"]
[Result "1-0"]
[WhiteTitle "IM"]
[BlackTitle "GM"]
[WhiteElo "2580"]
[BlackElo "2570"]
[WhiteFideId "3507416"]
[BlackFideId "4143183"]
[EventDate "2012.05.04"]
[EventType "tourn"]

1. Nf3 d5 2. b3 Bf5 3. Bb2 e6 4. e3 h6 5. c4 Nf6 6. Nc3 c6 7. d4 Nbd7 8. Bd3
Bxd3 9. Qxd3 Bd6 10. O-O Qe7 11. e4 dxe4 12. Nxe4 Nxe4 13. Qxe4 O-O 14. Rad1
Rfe8 15. Rfe1 Rad8 16. Qg4 Qf6 17. g3 Nf8 18. Ne5 Qg5 19. Qf3 Qe7 20. h4 f6 21.
Ng4 Qf7 22. d5 cxd5 23. cxd5 e5 24. Ne3 Ng6 25. Nc4 Ne7 26. Bc1 Nc8 27. Be3 Bf8
28. a4 Rd7 29. Re2 b6 30. d6 Nxd6 31. Red2 e4 32. Qf4 g5 33. hxg5 hxg5 34. Qg4
Qe6 35. Qxe6+ Rxe6 36. Rd5 Rd8 37. a5 b5 38. Nxd6 Rdxd6 39. Bxa7 Ra6 40. Bb6 b4
41. Rb5 Kf7 42. Be3 Ra8 43. Rd7+ Re7 44. Rdd5 Rc7 45. Rb6 Be7 46. a6 Rca7 47.
Rb7 Rxa6 48. Rdd7 Re6 49. Bc5 Re8 50. g4 Kf8 51. Rxe7 R8xe7 52. Bxb4 Kf7 53.
Rxe7+ Rxe7 54. Bxe7 Kxe7 55. Kf1 f5 56. gxf5 Kf6 57. Ke2 Kxf5 58. Ke3 Ke5 59. b4
g4 60. b5 Kd5 61. b6 Kc6 62. Kxe4 Kxb6 63. Kf4 Kc6 64. Kxg4 Kd6 65. Kg5 Ke7 66.
Kg6 Kf8 67. f4 Kg8 68. f5 Kh8 69. Kf7 1-0

[Event "47th Capablanca Memorial Premier"]
[Site "Havana CUB"]
[Date "2012.05.14"]
[Round "9.4"]
[White "Hernandez Carmenates, Holden"]
[Black "Cordova, Emilio"]
[Result "1/2-1/2"]
[WhiteTitle "GM"]
[BlackTitle "GM"]
[WhiteElo "2570"]
[BlackElo "2566"]
[WhiteFideId "3504387"]
[BlackFideId "3801497"]
[EventDate "2012.05.04"]
[EventType "tourn"]

1. Nf3 c5 2. c4 b6 3. Nc3 Bb7 4. d4 cxd4 5. Nxd4 Nf6 6. f3 d6 7. e4 Nbd7 8. Be3
Rc8 9. Be2 a6 10. O-O e6 11. a4 Be7 12. a5 bxa5 13. Nb3 O-O 14. Nxa5 Ba8 15. Qd2
Qc7 16. Rfc1 Qb8 17. b4 d5 18. cxd5 exd5 19. Bxa6 Rxc3 20. Qxc3 Bd6 21. h3 dxe4
22. Nc6 Qe8 23. Qd4 exf3 24. Re1 Ne4 25. Rac1 Ndf6 26. gxf3 Bxc6 27. fxe4 Nxe4
28. Bf1 Bh2+ 29. Kh1 Be5 30. Qb6 Nc3+ 31. Bg2 Bxg2+ 32. Kxg2 Qa8+ 33. Kg1 Qf3
34. Bf2 Nd5 35. Qc6 Bg3 36. Rf1 Bxf2+ 37. Rxf2 Qg3+ 38. Rg2 Qe3+ 39. Kh2 Nf4 40.
Rc3 Qe5 41. Qc5 Qb8 42. Kg1 Nxg2 43. Kxg2 Qb7+ 44. Kg3 h6 45. b5 Rb8 46. Qe5 Qa8
47. Rb3 Rb6 48. Kh2 Re6 49. b6 Qa2+ 50. Rb2 Rxe5 51. Rxa2 Rb5 52. Ra8+ Kh7 53.
Rb8 g5 54. h4 Kg6 55. b7 Kf5 56. Rh8 Rxb7 57. Rxh6 g4 58. Ra6 Re7 59. Kg3 Re3+
60. Kf2 Rh3 61. Ra5+ Kf6 62. Kg2 Ke6 63. Ra6+ Ke7 64. Ra7+ Kf8 65. Ra4 Rxh4 66.
Kg3 1/2-1/2

[Event "47th Capablanca Memorial Premier"]
[Site "Havana CUB"]
[Date "2012.05.14"]
[Round "9.5"]
[White "Gonzalez Vidal, Yuri"]
[Black "Rakhmanov, Aleksandr"]
[Result "1/2-1/2"]
[WhiteTitle "GM"]
[BlackTitle "GM"]
[WhiteElo "2545"]
[BlackElo "2603"]
[WhiteFideId "3503321"]
[BlackFideId "4173708"]
[EventDate "2012.05.04"]
[EventType "tourn"]

1. d4 Nf6 2. c4 e6 3. Nc3 d5 4. Nf3 c5 5. cxd5 Nxd5 6. e4 Nxc3 7. bxc3 cxd4 8.
cxd4 Bb4+ 9. Bd2 Bxd2+ 10. Qxd2 O-O 11. Bc4 Nd7 12. O-O b6 13. Rad1 Bb7 14. Rfe1
Rc8 15. Bb3 1/2-1/2